000 00477nam a22001812 4500
001 0000006135
005 20151217155830.0
008 070920s xx 000 0 eng d
020 _a0195729544 :
_cKES 260
040 _aKABU
_cKABU
100 1 _aRuganda, John.
_@0000152258
245 1 0 _aShreds of tenderness.
260 _aOxford :
_bOUP,
_c2001.
300 _a134 p.
908 _a070920
950 _@1
999 _c13024
_d13024